<?xml version="1.0" encoding="UTF-8"?>
<record
    xmlns:xsi="http://www.w3.org/2001/XMLSchema-instance"
    xsi:schemaLocation="http://www.loc.gov/MARC21/slim http://www.loc.gov/standards/marcxml/schema/MARC21slim.xsd"
    xmlns="http://www.loc.gov/MARC21/slim">

  <leader>03563nam a2200325 a 4500</leader>
  <controlfield tag="001">000000340</controlfield>
  <controlfield tag="003">DO-SdBNP</controlfield>
  <controlfield tag="005">20260319101958.0</controlfield>
  <controlfield tag="008">081112s2008    dr ac         000 0 spa d</controlfield>
  <datafield tag="020" ind1=" " ind2=" ">
    <subfield code="a">9789945863406</subfield>
  </datafield>
  <datafield tag="020" ind1=" " ind2=" ">
    <subfield code="a">9945863401</subfield>
  </datafield>
  <datafield tag="040" ind1=" " ind2=" ">
    <subfield code="a">DO-SdBNP</subfield>
    <subfield code="b">spa</subfield>
    <subfield code="c">BNPHU</subfield>
  </datafield>
  <datafield tag="082" ind1=" " ind2="4">
    <subfield code="a">340</subfield>
    <subfield code="b">L695a</subfield>
  </datafield>
  <datafield tag="245" ind1="1" ind2="0">
    <subfield code="a">Liber amicorum :</subfield>
    <subfield code="b">ensayos en honor a Luis R. del Castillo Morales.</subfield>
  </datafield>
  <datafield tag="260" ind1=" " ind2=" ">
    <subfield code="a">Santo Domingo :</subfield>
    <subfield code="b">Asociaci&#xF3;n Hip&#xF3;lito Herrera Billini,</subfield>
    <subfield code="b">Pellerano &amp; Herrera,</subfield>
    <subfield code="c">2008.</subfield>
  </datafield>
  <datafield tag="300" ind1=" " ind2=" ">
    <subfield code="a">332 p. :</subfield>
    <subfield code="b">il., retrs. ;</subfield>
    <subfield code="c">22 cm.</subfield>
  </datafield>
  <datafield tag="500" ind1=" " ind2=" ">
    <subfield code="a">Edici&#xF3;n conmemorativa del 155 aniversario de Pellerano &amp; Herrera</subfield>
  </datafield>
  <datafield tag="500" ind1=" " ind2=" ">
    <subfield code="a">Incluye bibliograf&#xED;a y notas al pi&#xE9; de p&#xE1;ginas.</subfield>
  </datafield>
  <datafield tag="505" ind1="0" ind2=" ">
    <subfield code="t">Contenido, dedicatoria a Luis R. del Castillo Morales --</subfield>
    <subfield code="t">Semblanza de Dr. Luis R. del Castillo Morales /</subfield>
    <subfield code="r">Manuel Berges Chupani --</subfield>
    <subfield code="t">Contrato de prensa en tanto que garant&#xED;a mobiliaria. Ejecuci&#xF3;n, r&#xE9;gimen jur&#xED;dico /</subfield>
    <subfield code="r">Justiniano Montero --</subfield>
    <subfield code="t">Institucionalizaci&#xF3;n de la lucha, contra la corrupci&#xF3;n en el Per&#xFA;: creaci&#xF3;n del sistema nacional anticorrupci&#xF3;n /</subfield>
    <subfield code="r">Jos&#xE9; Enrique de la Cruz Arteta --</subfield>
    <subfield code="t">Sobre las reglas de la competencia en materia civil y comercial /</subfield>
    <subfield code="r">Ricardo S&#xE1;nchez Guerrero --</subfield>
    <subfield code="t">El problema de la opci&#xF3;n entre las responsabilidades contractual y delictual en derecho franc&#xE9;s y dominicano /</subfield>
    <subfield code="r">V&#xED;ctor Joaqu&#xED;n Castellanos Pizano --</subfield>
    <subfield code="t">La pol&#xED;tica de persecuci&#xF3;n penal del ministerio p&#xFA;blico /</subfield>
    <subfield code="r">Rosal&#xED;a Sosa P&#xE9;rez --</subfield>
    <subfield code="t">La comunidad legal de bienes y el abuso de los derechos /</subfield>
    <subfield code="r">Carlos R. Salcedo C. --</subfield>
    <subfield code="t">Unificaci&#xF3;n de la jurisprudencia en la materia laboral. Naturaleza, finalidad e importancia /</subfield>
    <subfield code="r">M.R. Herrera Carbuccia --</subfield>
    <subfield code="t">La revoluci&#xF3;n procesal penal y su impacto en el ejercicio de la profesi&#xF3;n del derecho /</subfield>
    <subfield code="r">Emigdio Valenzuela Moquete --</subfield>
    <subfield code="t">Reforma penal y estado social de derecho /</subfield>
    <subfield code="r">C&#xE9;sar Pina Toribio --</subfield>
    <subfield code="t">Los conflictos en la empresa y los medios de soluciones /</subfield>
    <subfield code="r">Porfirio Hern&#xE1;ndez Quezada --</subfield>
    <subfield code="t">Instrumentos de protecci&#xF3;n de los derechos fundamentales y conflictos entre derechos /</subfield>
    <subfield code="r">Juan Ml. Pellerano G&#xF3;mez --</subfield>
    <subfield code="t">La interpretaci&#xF3;n conforme a la constituci&#xF3;n /</subfield>
    <subfield code="r">Juan Ml. Pellerano G&#xF3;mez --</subfield>
    <subfield code="t">Reorientaci&#xF3;n jurisprudencial y legal de la responsabilidad civil parental /</subfield>
    <subfield code="r">Cristian Alberto Mart&#xED;nez Carrasco --</subfield>
    <subfield code="t">La sana cr&#xED;tica en la apreciaci&#xF3;n judicial de las pruebas /</subfield>
    <subfield code="r">V&#xED;ctor Jos&#xE9; Castellanos Estrella --</subfield>
    <subfield code="t">&#xBF;Es la sentencia SCJ-34 del 21 de febrero de 2001, una decisi&#xF3;n eficiente a favor del trabajador? una revisi&#xF3;n desde la perspectiva del an&#xE1;lisis econ&#xF3;mico del derecho /</subfield>
    <subfield code="r">Miguel A. Valera Montero.</subfield>
  </datafield>
  <datafield tag="505" ind1="0" ind2=" ">
    <subfield code="t">Contreras --</subfield>
    <subfield code="t">Apuntes generales sobre el amparo y su perspectiva en Rep&#xFA;blica Dominicana /</subfield>
    <subfield code="r">Laysa Melissa Sosa Mont&#xE1;s --</subfield>
    <subfield code="t">La jurisprudencia de la corte interamericana de derechos humanos en materia de reparaciones y los criterios del proyecto de art&#xED;culos sobre responsabilidad del Estado por hechos internacionalmente il&#xED;citos /</subfield>
    <subfield code="r">Julio Jos&#xE9; Rojas B&#xE1;ez --</subfield>
    <subfield code="t">La doctrina Bush. Leg&#xED;tima defensa preventiva en el derecho internacional /</subfield>
    <subfield code="r">Alberto E. Fiallo-Billini S.</subfield>
  </datafield>
  <datafield tag="590" ind1=" " ind2=" ">
    <subfield code="a">Inventariado 2021 / MF</subfield>
  </datafield>
  <datafield tag="600" ind1="1" ind2="0">
    <subfield code="a">Castillo Morales, Luis R. Del,</subfield>
    <subfield code="d">1923-</subfield>
    <subfield code="9">1152</subfield>
  </datafield>
  <datafield tag="650" ind1=" " ind2="4">
    <subfield code="a">Derecho</subfield>
    <subfield code="v">Ensayos, conferencias, etc.</subfield>
    <subfield code="9">1153</subfield>
  </datafield>
  <datafield tag="650" ind1=" " ind2="4">
    <subfield code="a">Derecho civil</subfield>
    <subfield code="z">Rep&#xFA;blica Dominicana</subfield>
    <subfield code="v">Ensayos, conferencias, etc. </subfield>
    <subfield code="9">1154</subfield>
  </datafield>
  <datafield tag="650" ind1=" " ind2="0">
    <subfield code="a">Derecho mercantil </subfield>
    <subfield code="v">Ensayos, conferencias, etc.</subfield>
    <subfield code="9">1155</subfield>
  </datafield>
  <datafield tag="650" ind1=" " ind2="4">
    <subfield code="a">Derecho laboral</subfield>
    <subfield code="v">Ensayos, conferencias, etc. </subfield>
    <subfield code="9">1156</subfield>
  </datafield>
  <datafield tag="650" ind1=" " ind2="4">
    <subfield code="a">Derecho internacional</subfield>
    <subfield code="v">Ensayos, conferencias, etc. </subfield>
    <subfield code="9">1157</subfield>
  </datafield>
  <datafield tag="910" ind1=" " ind2=" ">
    <subfield code="a">Validado. Control de calidad BNPHU</subfield>
  </datafield>
  <datafield tag="942" ind1=" " ind2=" ">
    <subfield code="2">ddc</subfield>
    <subfield code="c">LBS1</subfield>
  </datafield>
  <datafield tag="952" ind1=" " ind2=" ">
    <subfield code="0">0</subfield>
    <subfield code="1">0</subfield>
    <subfield code="2">ddc</subfield>
    <subfield code="5">6</subfield>
    <subfield code="7">2</subfield>
    <subfield code="8">PD</subfield>
    <subfield code="a">BNPHU</subfield>
    <subfield code="b">BNPHU</subfield>
    <subfield code="c">HD</subfield>
    <subfield code="d">2009-09-01</subfield>
    <subfield code="l">0</subfield>
    <subfield code="o">BNPHU DS 340 L695a</subfield>
    <subfield code="p">340-30</subfield>
    <subfield code="r">2020-06-25</subfield>
    <subfield code="t">e. 3</subfield>
    <subfield code="w">2020-06-25</subfield>
    <subfield code="y">LF1</subfield>
  </datafield>
  <datafield tag="952" ind1=" " ind2=" ">
    <subfield code="0">0</subfield>
    <subfield code="1">0</subfield>
    <subfield code="2">ddc</subfield>
    <subfield code="5">6</subfield>
    <subfield code="7">2</subfield>
    <subfield code="8">PD</subfield>
    <subfield code="a">BNPHU</subfield>
    <subfield code="b">BNPHU</subfield>
    <subfield code="c">HD</subfield>
    <subfield code="d">2009-09-01</subfield>
    <subfield code="l">0</subfield>
    <subfield code="o">BNPHU DS 340 L695a</subfield>
    <subfield code="p">340-40</subfield>
    <subfield code="r">2020-06-25</subfield>
    <subfield code="t">e. 4</subfield>
    <subfield code="w">2020-06-25</subfield>
    <subfield code="y">LF1</subfield>
  </datafield>
  <datafield tag="952" ind1=" " ind2=" ">
    <subfield code="0">0</subfield>
    <subfield code="1">0</subfield>
    <subfield code="2">ddc</subfield>
    <subfield code="5">6</subfield>
    <subfield code="7">2</subfield>
    <subfield code="8">PD</subfield>
    <subfield code="a">BNPHU</subfield>
    <subfield code="b">BNPHU</subfield>
    <subfield code="c">HD</subfield>
    <subfield code="d">2009-09-11</subfield>
    <subfield code="l">0</subfield>
    <subfield code="o">BNPHU DS 340 L695a</subfield>
    <subfield code="p">340-50</subfield>
    <subfield code="r">2020-06-25</subfield>
    <subfield code="t">e. 5</subfield>
    <subfield code="w">2020-06-25</subfield>
    <subfield code="y">LF1</subfield>
  </datafield>
  <datafield tag="952" ind1=" " ind2=" ">
    <subfield code="0">0</subfield>
    <subfield code="1">0</subfield>
    <subfield code="2">ddc</subfield>
    <subfield code="5">1</subfield>
    <subfield code="7">2</subfield>
    <subfield code="8">PD</subfield>
    <subfield code="a">BNPHU</subfield>
    <subfield code="b">BNPHU</subfield>
    <subfield code="c">HD</subfield>
    <subfield code="d">2009-07-15</subfield>
    <subfield code="l">0</subfield>
    <subfield code="o">BNPHU PD 340 L695a</subfield>
    <subfield code="p">340-10</subfield>
    <subfield code="r">2020-06-25</subfield>
    <subfield code="w">2020-06-25</subfield>
    <subfield code="y">LF1</subfield>
  </datafield>
  <datafield tag="952" ind1=" " ind2=" ">
    <subfield code="0">0</subfield>
    <subfield code="1">0</subfield>
    <subfield code="2">ddc</subfield>
    <subfield code="5">3</subfield>
    <subfield code="7">2</subfield>
    <subfield code="8">PD</subfield>
    <subfield code="a">BNPHU</subfield>
    <subfield code="b">BNPHU</subfield>
    <subfield code="c">HD</subfield>
    <subfield code="d">2009-07-15</subfield>
    <subfield code="l">0</subfield>
    <subfield code="o">BNPHU PD 340 L695a</subfield>
    <subfield code="p">340-20</subfield>
    <subfield code="r">2020-06-25</subfield>
    <subfield code="t">e. 2</subfield>
    <subfield code="w">2020-06-25</subfield>
    <subfield code="y">LF1</subfield>
  </datafield>
  <datafield tag="999" ind1=" " ind2=" ">
    <subfield code="c">339</subfield>
    <subfield code="d">339</subfield>
  </datafield>
</record>
